Прасенцето се заклещва (Запис номер 22569)
[ съкратено ]
| 000 -Лидер | |
|---|---|
| Контролно поле с фиксирана дължина | 01838nam a2200409 c 4500 |
| 003 - Код на организацията, давaща контролен номер | |
| Контролно поле | BLK |
| 005 - Дата и час на последна редакция | |
| Контролно поле | 20250429151655.0 |
| 008 - Елементи от данни с фиксирана дължина | |
| fixed length control field | 180413b bul|||||r ||||||| ||bul|| |
| 010 ## - Наследен системен номер | |
| LC control number | KNG00024960000 |
| 020 ## - Международен стандартен номер на книга ISBN | |
| Международен стандартен номер на книга ISBN | 978-954-308-253-7 |
| -- | издат.: Прес |
| 040 ## - Източник на каталожния запис | |
| Идентификатор на билиотеката - собственик на записа | BLK |
| 041 ## - Код за език | |
| Код за езика на текст/звукозапис или на отделно заглавие | Български |
| Код за езика КДБФ | Български |
| 072 #7 - Код за тематичната категория | |
| Код организация | bullib |
| Код за тематична категория | Н85 |
| Текст | Детска художествена литература Н |
| 080 ## - УДК | |
| Текстов определител УДК | Английска литература |
| УДК код - определител по УДК | 821.111 |
| УДК определител | -93-32 |
| УДК - код + определител | 821.111-93-32 |
| 100 1# - Редна дума - Автор | |
| Автор | Amery, Heather |
| Авторска отговорност | първи автор |
| R(LIN) | 264570 |
| 139 ## - Редно поле | |
| Редна дума | Еймъри, Хедър и др. |
| Авторски знак | Еи - Е 39 |
| 245 10 - Сведения за заглавието | |
| Заглавие | Прасенцето се заклещва |
| Редно поле (дума) | Хедър Еймъри; Стивън Картрайт; Heather Amery; съавт. Stephen Cartwright; прев. от англ. Евелина Борисова Банева. |
| 257 ## - Страна на издаване | |
| Страна на създаване/издаване | Великобритания |
| 260 ## - Област на издателските данни | |
| -- | София |
| Име на издателя, разпространителя и проч. | Прес |
| Година на издаване | 2009 |
| Печатница | София : Лито Балкан |
| 300 ## - Физическа характеристика | |
| Страници | 16 с. |
| Илюстрации и др. | с цв. ил, 2 л. : стикери |
| Размери/Мащаб | 27 см |
| 380 ## - Жанр | |
| Жанр | Детска худож. лит. |
| 490 1# - СЕРИИ (Колекции) | |
| Име на серия | Поредица Приказки от фермата |
| 500 ## - Общи забележки | |
| Забележка | Авт. отбелязани в библиогр. каре. - Ориг. загл. : Pig Gets Stuck / Heather Amery, Stephen Cartwright. |
| 653 ## - Ключова дума – ненормативна | |
| Ключова дума | литература за деца |
| 653 ## - Ключова дума – ненормативна | |
| Ключова дума | детска литература |
| 659 ## - Тематичен бюлетин | |
| Тематичен бюлетин | Н |
| 700 ## - Други автори (авторска отговорност) | |
| Лично име | Еймъри, Хедър |
| 9 (RLIN) | 264569 |
| 700 1# - Други автори (авторска отговорност) | |
| Лично име | Картрайт, Стивън |
| 9 (RLIN) | 77303 |
| 700 1# - Други автори (авторска отговорност) | |
| Лично име | Cartwright, Stephen |
| Автороска отговорност (Описва отношението между автора и произведението) | съавт. |
| 9 (RLIN) | 264571 |
| 700 ## - Други автори (авторска отговорност) | |
| Лично име | Банева, Евелина Борисова |
| Дати, свързани с автора | 1954- |
| Автороска отговорност (Описва отношението между автора и произведението) | прев. от англ. |
| 9 (RLIN) | 368071 |
| 852 ## - Местоположение | |
| Форматна сигнатура | Цб ІІ 16597 |
| 856 4# - Електронен адрес и достъп | |
| Електронен формат | pdf - файл |
| Път до файла /url/ | |
| 856 4# - Електронен адрес и достъп | |
| Електронен формат | pdf - файл |
| Път до файла /url/ | |
| 942 ## - АРТИКУЛИ | |
| Вид на библиотечния материал | Книги |
| Скрит в OPAC | Не |
| Koha issues (borrowed), all copies | 8 |
| 944 ## - СЪЗДАВАНЕ И РЕДАКЦИЯ на ЗАПИСА | |
| Създаване/Редакция | Създаване |
| Дата на регистрацията/редакция | 11.03.2011 |
| Статус, дата на статуса | Бояна Костадинова |
| Служител, извършил регистрацията/редакцията | 30551 |
| 944 ## - СЪЗДАВАНЕ И РЕДАКЦИЯ на ЗАПИСА | |
| Създаване/Редакция | Редакция |
| Дата на регистрацията/редакция | 06.03.2012 |
| Статус, дата на статуса | ф / |
| Служител, извършил регистрацията/редакцията | |
| 999 ## - СИСТЕМНИ КОНТРОЛНИ НОМЕРА | |
| Koha biblionumber | 22569 |
| Koha biblioitemnumber | 22569 |
| Код за отписване | Код за изгубен артикул | Код за повреда | Коз за рестрикции | Код за отдаване | Артикулен № | Име на библиотеката - собственик | Име на библиотеката, в която се намира в момента | Статус (Текущо местоположение) | Дата на вписване в системата | Местоположение - отдел | Цена в лева | Инвентарен номер | Систематично азбучна сигнатура | Баркод | Номер на екземпляра | Цена в евро | Служебна бележка | Служебен тип на артикула |
|---|---|---|---|---|---|---|---|---|---|---|---|---|---|---|---|---|---|---|
| Не е изгубен | Не е повреден | без рестрикции | ползва се в читалня | 37268 | Регионална библиотека "Любен Каравелов" Русе | Регионална библиотека "Любен Каравелов" Русе | Хранилище | 2011-03-09 | Хранилище | 4.99 | 120000749642 | Цб ІІ 16597 | 120000749642 | 1 | 2.55 | Дост: Dp Вид: Д N: 25 Дата: 23.06.2010 | Книги | |
| Не е изгубен | Не е повреден | без рестрикции | заемане за дома | 37269 | Регионална библиотека "Любен Каравелов" Русе | Регионална библиотека "Любен Каравелов" Русе | Детски отдел | 2012-03-02 | Детски отдел | 4.99 | 120000756394 | ДХ 820/899/Е 39 | 120000756394 | 2 | 2.55 | Дост: DA Вид: А N: 3 Дата: 01.03.2012 Дата инв: 14.08.2015 Бележки инв: Д2015 | Книги |